000 01161nam a2200241Ii 4500
003 JO-AjNU
005 20240630095542.0
008 230605s9999||||xx |||||||||||||| ||und||
040 _aJO-AjNU
_bara
_erda
_cJO-AjNU
041 _aara
050 1 4 _aLB1131 1993
100 1 _aعباس، محمد خليل عبدالله
_eمعد
_965902
245 0 _aالمقارنة بين خمس طرق لتقدير الخطا المعياري الشرطي في القياس عند مستويات محددة لعلامات الاختبار
_cاعداد محمد خليل عبدالله عباس؛ اشراف عبدالرحمن عدس
264 3 1 _a 1993
300 _a164 ورقة
336 _atext
_btxt
_2rdacontent
337 _aunmediated
_bn
_2rdamedia
338 _avolume
_bnc
_2rdacarrier
500 _aرسالة جامعية (ماجستير في القياس والتقويم)--الجامعة الاردنية، كلية الدراسات العليا،عمان)، 1993، يشتمل على جداول توضيحية
650 4 _aالقياس والتقويم التربوي
_957668
700 1 _aعدس، عبدالرحمن
_936467
_eمشرف
942 _2lcc
_cTHS
999 _c29424
_d29424